| 000 | 01389nam a2200361 c 4500 | ||
|---|---|---|---|
| 001 | C00080939c | ||
| 003 | SpMaBN | ||
| 005 | 20241029152444.0 | ||
| 008 | 230614s2015 sp a | |||| 000 0 spa | ||
| 015 | _aMON15 | ||
| 017 |
_aM 3597-2015 _bOficina Depósito Legal Madrid |
||
| 020 | _a978-84-15069-51-5 | ||
| 035 | _a(OCoLC)908833951 | ||
| 040 |
_aSpMaBN _bspa _cSpMaBN _dM-RABA _erdc |
||
| 080 | _a686.1 Brugalla Turmo, Emilio | ||
| 080 | _a745/746.036(460):686.1 | ||
| 100 | 1 |
_aGarcía Herranz, Ana ( _d1972-) _960300 |
|
| 245 | 1 | 0 |
_aBrugalla, maestro encuadernador, en la biblioteca de la Real Academia de la Historia / _cAna García Herranz, Antonio Carpallo Bautista. |
| 260 |
_a[Madrid] : _bReal Academia de la Historia, _cD.L. 2015. |
||
| 300 |
_a161 p. : _bil. col. y n. ; _c24 cm. |
||
| 336 |
_aTexto (visual) _2isbdcontent] |
||
| 337 |
_asin mediación _2isbdmedia] |
||
| 500 | _aEjemplar firmado. | ||
| 504 | _aBibliografía: p. [119]-121. | ||
| 600 | 1 | 7 |
_aBrugalla Turmo, Emilio ( _d1901-1987) _9225 |
| 650 | 7 |
_aEncuadernación artística _aReal Academia de la Historia (España). _bBiblioteca. _9109914 |
|
| 700 | 1 |
_aCarpallo Bautista, Antonio. _939416 |
|
| 700 | 1 |
_aGarcía Herranz, Ana ( _d1972-) _960300 |
|
| 710 | 2 |
_aReal Academia de la Historia (España). _bBiblioteca. _937901 |
|
| 852 | 4 |
_aM-RABA _jJ-1949 |
|
| 999 |
_c77286 _d77286 |
||